000 01471nam a2200385 i 4500
001 ELB78298
003 FlNmELB
006 m o d |
007 cr cnu||||||||
008 150109s2005 ag o 001 0 spa d
020 _a9789871081752 (e-book)
035 _a(MiAaPQ)EBC3226480
035 _a(Au-PeEL)EBL3226480
035 _a(CaPaEBR)ebr10995652
035 _a(OCoLC)929775559
040 _aFINmELB
_bspa
_erda
_cFINmELB
050 4 _aB65
_b.N575 2005
080 _a1:32
082 0 _a194
_223
100 1 _aNúñez, Sandino Andrés.
245 1 3 _aLo sublime y lo obsceno :
_bgeopolítica de la subjetividad /
_cSandino Andrés Núñez.
264 1 _aBuenos Aires :
_bLibros del Zorzal,
_c2005.
300 _a1 recurso en línea (206 páginas)
336 _atexto
_btxt
_2rdacontent/spa
337 _acomputadora
_bc
_2rdamedia/spa
338 _arecurso en línea
_bcr
_2rdacarrier/spa
500 _aIncluye índice.
588 _aDescripción basada en recurso en línea; Título de la página del título en PDF (e-libro, visto January 09, 2015).
590 _aRecurso electrónico. Santa Fe, Arg.: e-libro, 2015. Disponible vía World Wide Web. El acceso puede estar limitado para las bibliotecas afiliadas a e-libro.
650 0 _aPhilosophy
_xPolitical aspects.
650 4 _aFilosofía
_xAspectos políticos.
655 4 _aLibros electrónicos.
797 2 _ae-libro, Corp.
856 4 0 _uhttps://elibro.net/ereader/usam/78298
999 _c149527
_d149527